Front office operation and management / (Record no. 1435)

MARC details
000 -LEADER
fixed length control field 00657nam a22002052 4500
001 - CONTROL NUMBER
control field 0000024193
005 - DATE AND TIME OF LATEST TRANSACTION
control field 20151021151152.0
008 - FIXED-LENGTH DATA ELEMENTS--GENERAL INFORMATION
fixed length control field 130618s xx 000 0 eng d
040 ## - CATALOGING SOURCE
Original cataloging agency KABU
Transcribing agency KABU
100 1# - MAIN ENTRY--PERSONAL NAME
Personal name Arora, R. K.
-- 0000048890
245 10 - TITLE STATEMENT
Title Front office operation and management /
Statement of responsibility, etc. R. K. Arora.
250 ## - EDITION STATEMENT
Edition statement 1st ed.
260 ## - PUBLICATION, DISTRIBUTION, ETC. (IMPRINT)
Place of publication, distribution, etc. New Delhi :
Name of publisher, distributor, etc. A. P. H.,
Date of publication, distribution, etc. 2010.
300 ## - PHYSICAL DESCRIPTION
Extent v, 301 p.
650 #0 - SUBJECT ADDED ENTRY--TOPICAL TERM
Topical term or geographic name as entry element Hotel management.
-- 0000158121
852 1# - LOCATION
-- p1970 KES
852 1# - LOCATION
-- p1970 KES
908 ## - PUT COMMAND PARAMETER (RLIN)
Put command parameter 130618
950 ## - LOCAL HOLDINGS (RLIN)
-- 1
Holdings
Withdrawn status Lost status Source of classification or shelving scheme Not for loan Home library Current library Date acquired Total Checkouts Full call number Barcode Date last seen Price effective from Koha item type Date last checked out
    Library of Congress Classification   Kabarak, Nakuru City Campus Kabarak, Nakuru City Campus 21/10/2015   TX911.3 .M27A76 2010 c. 1 015629 21/10/2015 21/10/2015 General Collection  
    Library of Congress Classification   Kabarak, Nakuru City Campus Kabarak, Nakuru City Campus 21/10/2015 1 TX911.3 .M27A76 2010 c. 2 015635 24/03/2016 21/10/2015 General Collection 24/03/2016
Designed with assistance from East African Informatics Ltd